1121 1517 1254 1106 1969 1646 1535 1562 1507 1887 1777 1694 1590 1062 1622 1985 1688 1405 1623 1728 1927 1175 1487 1102 1414 1611 1753 1970 1779 1583 1777 1145 1067 1407 1061 1281 1508 1449 1195 1989 1540 1800 1905 1635 1800 1084 1785 1040 1779 1543 1582 1829 1281 1083 1829 1085 1673 1662 1653 1260 1514 1028 1574 1150 1516 1193 1517 1187 1299 1274 1343 1497 1243 1593 1455 1348 1198 1267 1446 1124 1111 1059 1339 1427 1517 1766 1061 1876 1421 1200 1321 1845 1927 1291 1531 1334 1733 1271 1639 BCNSPRNW ULIB Ver.6.0+V

เปลี่ยนเป็นภาษาไทย

Change to English
 แสดงรายละเอียดบรรณานุกรม
  กลับหน้าหลัก

Brief Record : Get Marc (ISO 2709) : E-mail record : QR code < ปิดหน้าต่าง
LEADER : 00000nam 2200000uu 4500
001    13399128826
003     ULIB
008    241009s2565||||th 000 0 tha d
020    ^a9786168012321
060 04 ^aWY152^bศ499ก
100 0  ^aศิริอร สินธุ
245 00 ^aการพยาบาลผู้สูงอายุ: ข้อเข่าเสื่อม ทุพโภชนาการ และระยะประคับประคอง = Geriatric nursing: knee osteoarthritis, malnutrition, and palliative care /^cบรรณาธิการ, ศิริอร สินธุ
260    ^aกรุงเทพฯ :^bสภาการพยาบาล,^c2565
300    ^a247 หน้า :^bภาพประกอบ :^c30 ซม.
650  4 ^aการพยาบาลผู้สูงอายุ
945    ^p550^l0^i011012
945    ^p550^l0^i011013
945    ^p550^l0^i011014
945    ^p550^l0^i011015
945    ^p550^l0^i011016
945    ^p550^l0^i011017
945    ^p550^l0^i011018
945    ^p550^l0^i011019
999    ^aประนอม เกษจรัล
รายการนี้ยังไม่มีแท็ก
คุณยังไม่ได้ล็อกอิน คุณสามารถมีกิจกรรมร่วมกับเว็บไซต์ได้ แต่ต้องล็อกอินก่อน ::
  ล็อกอิน

รายการสื่อสารสนเทศ

ลำดับที่ ประเภท เลขเรียก/บาร์โค้ด สถานที่ สถานะ
1. Book การพยาบาล
หนังสือสำรอง
สถานะ=หนังสือสำรอง
WY152 ศ499ก ฉ.1 
  Barcode: 011012
ห้องสมุดวิทยาเขตสวรรค์ประชารักษ์
►หนังสือทั่วไป
บนชั้น
2. Book การพยาบาล
Book การพยาบาล
WY152 ศ499ก ฉ.2 
  Barcode: 011013
ห้องสมุดวิทยาเขตสวรรค์ประชารักษ์
►หนังสือทั่วไป
บนชั้น
3. Book การพยาบาล
Book การพยาบาล
WY152 ศ499ก ฉ.3 
  Barcode: 011014
ห้องสมุดวิทยาเขตสวรรค์ประชารักษ์
►หนังสือทั่วไป
บนชั้น
4. Book การพยาบาล
Book การพยาบาล
WY152 ศ499ก ฉ.4 
  Barcode: 011015
ห้องสมุดวิทยาเขตสวรรค์ประชารักษ์
►หนังสือทั่วไป
บนชั้น
5. Book การพยาบาล
Book การพยาบาล
WY152 ศ499ก ฉ.5 
  Barcode: 011016
ห้องสมุดวิทยาเขตสวรรค์ประชารักษ์
►หนังสือทั่วไป
บนชั้น
6. Book การพยาบาล
Book การพยาบาล
WY152 ศ499ก ฉ.6 
  Barcode: 011017
ห้องสมุดวิทยาเขตสวรรค์ประชารักษ์
►หนังสือทั่วไป
บนชั้น
7. Book การพยาบาล
Book การพยาบาล
WY152 ศ499ก ฉ.7 
  Barcode: 011018
ห้องสมุดวิทยาเขตสวรรค์ประชารักษ์
►หนังสือทั่วไป
บนชั้น
8. Book การพยาบาล
Book การพยาบาล
WY152 ศ499ก ฉ.8 
  Barcode: 011019
ห้องสมุดวิทยาเขตสวรรค์ประชารักษ์
►หนังสือทั่วไป
บนชั้น

รายการใกล้เคียง
    ผู้แต่ง [ศิริอร สินธุ]

    หัวเรื่อง [การพยาบาลผู้สูงอายุ]

BibComment


ยังไม่เคยถูกคอมเมนท์

คอมเมนท์ทรัพยากรรายการนี้
  คอมเมนท์: การพยาบาลผู้สูงอ..


 Copyright 2026. Bcnsprnw @Library